| 000 | 00538nam a22001937a 4500 | ||
|---|---|---|---|
| 005 | 20230907140351.0 | ||
| 008 | 230907b ||||| |||| 00| 0 eng d | ||
| 020 | _a9789389491760 | ||
| 040 |
_aIN-DiNC _cIN-DiNC |
||
| 041 | _deng | ||
| 082 |
_a934 _bSEN |
||
| 100 |
_aSen, Sanjay _eauthor |
||
| 245 |
_aIntroduction to culture and heritage of ancient India (GEC1)/ _cby Sanjay Sen |
||
| 250 | _a1st ed. | ||
| 260 |
_aGuwahati: _bAshok publication, _c2023. |
||
| 300 | _a200p. | ||
| 650 | _aHistory of ancient India | ||
| 942 |
_2ddc _cBK |
||
| 999 |
_c11626 _d11626 |
||